000 00413nam a22001817a 4500
003 Ost
005 20220902171756.0
008 220902b |||||||| |||| 00| 0 eng d
020 _aNA
040 _cOst
050 _a4508
082 _222
_a628.53
100 _aNevers, Noel De.
245 _aAir pollution control engineering /
260 _bMcGraw-Hiil,
_cc2000.
300 _a0
_bill. ;
942 _2ddc
_cCIVIL
999 _c2949
_d2949